000 01335cam a2200133 4500500
005 20251214005226.0
041 _afre
042 _adc
100 1 0 _aPéquignot, Bruno
_eauthor
245 0 0 _aSociologie des arts : Domaines et approches
260 _bArmand Colin,
_c2013.
520 _aQu’est-ce qui distingue l’art d’autres productions culturelles ? Comment s’organisent les marchés de l’art et les professions artistiques ? Quel est le rôle des institutions culturelles et des publics dans la légitimation des œuvres et des créateurs ? C’est notamment à ces questions que les sociologues qui analysent l’activité artistique s’efforcent de répondre, en explorant à la fois les processus de production et de réception des œuvres. Cet ouvrage remis à jour présente de manière claire et synthétique les acquis, les problématiques et les théories de ce domaine de recherche en pleine expansion. Il s’adresse aux étudiants en sociologie et d’autres disciplines (histoire de l’art, esthétique, économie de la culture, etc.), comme aux professionnels de la médiation culturelle et, plus largement, à tous ceux qu’intéresse la dimension sociale des pratiques artistiques.
856 4 1 _uhttps://shs.cairn.info/sociologie-des-arts--9782200285913?lang=fr&redirect-ssocas=7080
999 _c1568724
_d1568724